| 000 | 00676cab a2200217 4500 | ||
|---|---|---|---|
| 001 | WB3335-45 | ||
| 008 | 090401t1997 xxu||||| |||| 00| 0 eng d | ||
| 035 | _a(Sirsi) u80791 | ||
| 041 | _aeng | ||
| 245 | _aPolicies for PII | ||
| 260 | _c1997 | ||
| 350 | _a0 | ||
| 490 |
_aCSM _bChartered Surveyor Monthly _v7(1) September 1997, 43(1) |
||
| 520 | _aDiscusses the possibility of a reintroduction of the `acts occurring` PII policy. | ||
| 650 | _aACTS OCCURRING BASIS | ||
| 650 | _aPROFESSIONAL INDEMNITY INSURANCE | ||
| 650 | _aPROFESSIONAL INDEMNITY INSURANCE | ||
| 690 | _aMANAGEMENT-BUSINESS MANAGEMENT-PROFESSIONAL PRACTICE | ||
| 942 | _n0 | ||
| 948 | _c11/09/1997 | ||
| 999 |
_c50879 _d50879 |
||